ARRUPE JESUIT UNIVERSITY

CORONAVIRUS -STOP THE SPREAD - CLEAN,DISINFECT,COVER

Christianity and human rights : (Record no. 123219)

MARC details
000 -LEADER
fixed length control field 02625cam a22003614a 4500
001 - CONTROL NUMBER
control field 7355551
003 - CONTROL NUMBER IDENTIFIER
control field ARRUPE
005 - DATE AND TIME OF LATEST TRANSACTION
control field 20150904103658.0
008 - FIXED-LENGTH DATA ELEMENTS--GENERAL INFORMATION
fixed length control field 090413s2009 mdu b 001 0 eng
010 ## - LIBRARY OF CONGRESS CONTROL NUMBER
LC control number 2009015270
020 ## - INTERNATIONAL STANDARD BOOK NUMBER
International Standard Book Number 9780739124727 (cloth : alk. paper)
020 ## - INTERNATIONAL STANDARD BOOK NUMBER
International Standard Book Number 0739124722 (cloth : alk. paper)
020 ## - INTERNATIONAL STANDARD BOOK NUMBER
International Standard Book Number 9780739140093 (electronic)
020 ## - INTERNATIONAL STANDARD BOOK NUMBER
International Standard Book Number 0739140094 (electronic)
024 ## - OTHER STANDARD IDENTIFIER
Standard number or code 99934641692
035 ## - SYSTEM CONTROL NUMBER
System control number (OCoLC)318716141
035 ## - SYSTEM CONTROL NUMBER
System control number (OCoLC)ocn318716141
035 ## - SYSTEM CONTROL NUMBER
System control number (NNC)7355551
040 ## - CATALOGING SOURCE
Original cataloging agency DLC
Transcribing agency DLC
Modifying agency YDX
-- BTCTA
-- YDXCP
-- BWX
-- OrLoB-B
050 00 - LIBRARY OF CONGRESS CALL NUMBER
Classification number BT738.15
Item number .C4753 2009
082 00 - DEWEY DECIMAL CLASSIFICATION NUMBER
Classification number 261.7
Edition number 22
082 #4 - DEWEY DECIMAL CLASSIFICATION NUMBER
Classification number 233.11
300 ## - PHYSICAL DESCRIPTION
Dimensions 24 cm.
245 00 - TITLE STATEMENT
Title Christianity and human rights :
Remainder of title Christians and the struggle for global justice /
Statement of responsibility, etc edited by Frederick M. Shepherd.
260 ## - PUBLICATION, DISTRIBUTION, ETC. (IMPRINT)
Place of publication, distribution, etc Lanham, Md. :
Name of publisher, distributor, etc Lexington Books,
Date of publication, distribution, etc c2009.
300 ## - PHYSICAL DESCRIPTION
Extent xxiii, 270 p. ;
504 ## - BIBLIOGRAPHY, ETC. NOTE
Bibliography, etc Includes bibliographical references and index.
505 00 - FORMATTED CONTENTS NOTE
Miscellaneous information Introduction.
Title The political and theological evolution of Christianity and human rights /
Statement of responsibility Frederick M. Shepherd --
Miscellaneous information 1.
Title Deliver us from evil : genocide and the Christian world /
Statement of responsibility James E. Waller --
Miscellaneous information 2.
Title A Dickensian era of religious rights /
Statement of responsibility John Witte, Jr. --
Miscellaneous information 3.
Title Religious freedom : a challenge for the church /
Statement of responsibility Johannes A. van der Ven --
Miscellaneous information 4.
Title The enduring alliance of religious freedom and democracy /
Statement of responsibility Joseph Loconte --
Miscellaneous information 5.
Title Religious freedom and international law /
Statement of responsibility Robert F. Drinan --
Miscellaneous information 6.
Title Democracy and human dignity /
Statement of responsibility Jean Bethke Elshtain --
Miscellaneous information 7.
Title Universal rights or personal relations? /
Statement of responsibility Patrick H. Byrne --
Miscellaneous information 8.
Title Human rights, the common good, and our supernatural destiny /
Statement of responsibility Dana L. Dillon --
Miscellaneous information 9.
Title Bozena Komarkova : toward an existential Christian philosophy of human rights /
Statement of responsibility Joyce J. Michael --
Miscellaneous information 10.
Title Catholic social teaching, economic rights, and globalization /
Statement of responsibility John Sniegocki --
Miscellaneous information 11.
Title Rights, capabilities, and human flourishing /
Statement of responsibility Jonathan Warner --
Miscellaneous information 12.
Title The rights of the poor : Christian theology and human rights practices in Latin America's Andean region /
Statement of responsibility Thomas Bamat --
Miscellaneous information 13.
Title Christianity and human rights in Vietnam : the case of the ethnic minorities, 1975-2007 /
Statement of responsibility James F. Lewis --
Miscellaneous information 14.
Title From human rights to human wrongs : the dramatic turn-about of the South African Pentecostal movement /
Statement of responsibility Nico Horn --
Title Concluding remarks on Christianity and human rights /
Statement of responsibility Frederick M. Shepherd.
650 #0 - SUBJECT ADDED ENTRY--TOPICAL TERM
Topical term or geographic name as entry element Human rights
General subdivision Religious aspects
-- Christianity.
9 (RLIN) 19273
700 1# - ADDED ENTRY--PERSONAL NAME
Personal name Shepherd, Frederick M.,
Dates associated with a name 1963-
9 (RLIN) 19274
900 ## - EQUIVALENCE OR CROSS-REFERENCE-PERSONAL NAME [LOCAL, CANADA]
Numeration TOC
942 ## - ADDED ENTRY ELEMENTS (KOHA)
Source of classification or shelving scheme Library of Congress Classification
Koha item type Monograph ( Printed materials)
948 1# - LOCAL PROCESSING INFORMATION (OCLC); SERIES PART DESIGNATOR (RLIN)
Series part designator, SPT (RLIN) 20090918
b (OCLC) c
c (OCLC) sl13
d (OCLC) MPS
Holdings
Withdrawn status Lost status Source of classification or shelving scheme Damaged status Not for loan Collection code Home library Current library Shelving location Date acquired Total Checkouts Full call number Barcode Date last seen Date checked out Price effective from Koha item type
    Library of Congress Classification     Main Collection ARRUPE LIBRARY ARRUPE LIBRARY Main Collection 04/09/2015 1 BT738.15 .C4753 2009 46500004038 09/10/2023 03/10/2023 04/09/2015 Monograph ( Printed materials)

 

Arrupe Library. PO Box MP320 Mt Pleasant, Harare, Zimbabwe
263 242 745411|librarian@aju.ac.zw